Normal view MARC view

Entry Topical Term

Number of records used in: 1

001 - CONTROL NUMBER

  • control field: 5922

003 - CONTROL NUMBER IDENTIFIER

  • control field: OSt

005 - DATE AND TIME OF LATEST TRANSACTION

  • control field: 20220528024519.0

008 - FIXED-LENGTH DATA ELEMENTS

  • fixed length control field: 220528|| aca||aabn | a|a d

040 ## - CATALOGING SOURCE

  • Original cataloging agency: OSt
  • Transcribing agency: OSt

150 ## - HEADING--TOPICAL TERM

  • Topical term or geographic name entry element: Libraries--
  • General subdivision: Automation

670 ## - SOURCE DATA FOUND

  • Source citation: Work cat.: (OSt): Indira Gandhi National Open University. 5921, ICT in libraries BLI-220 /, [2013].

Library - 09407999929
Admin Office - 09407999979
Dean Office - 09250910768
Registrar Office - 09892297154
Email - [email protected]
Shan State Buddhist University, Phaya Phyu Taunggyi, Shan State, Myanmar.